Представление документа в формате MARC21

Поле Инд. ПП Название Значение
Тип записи a
Библиографический уровень m
001 Контрольный номер 66ee6c0216ec427ead7d439afc11d7a3
005 Дата корректировки 20191014141003.8
008 Кодируемые данные 170301|||||||||ru |||||||||||||||||rus||
020 a ISBN 978-5-86185-900-4 (общ)
020 a ISBN 978-5-86185-902-8 (Ч. 2)
041 0_ a Код языка текста rus
084 a Индекс другой классификации/Индекс ББК 26.34я7+26.31я7+33.1я7
090 a Полочн. индекс 26.3
x Авторский знак Г 36
110 2_ a Организация/ юрисдикция Мурманский государственный технический университет
245 10 a Заглавие Геомеханика. Ч. 2
b Продолж. заглавия учеб. для студентов вузов, обучающихся по направлениям подгот. "Горное дело", по специальностям 130404 "Подземная разработка месторождений полезных ископаемых" и 130403 "Открытые горные работы", 130406 "Шахтное и подземное строительство" гос. образоват. стандартов высш. проф. образования и специальности 130403 (21.05.04) "Горное дело" федер. гос. образоват. стандартов ВПО
c Ответственность Федер. агентство по рыболовству, ФГБОУ ВО "Мурман. гос. техн. ун-т" ; ФГБУН Геол. ин-т КНЦ РАН
260 a Место издания Мурманск
b Издательство Изд-во МГТУ
c Дата издания 2016
300 a Объем 322 с.
b Иллюстрации/ тип воспроизводства ил.
500 a Примечание Имеется электрон. аналог 2016 г.
504 a Библиография Библиогр.: с. 317-318
583 x Служебное примечание Горное дело. ВПО
x Служебное примечание Подземная разработка месторождений полезных ископаемых. ВПО
x Служебное примечание Открытые горные работы. ВПО
x Служебное примечание Шахтное и подземное строительство. ВПО
z Открытое примечание 21.00.00
650 04 a Основная рубрика Геомеханика-Учебные издания для высших учебных заведений
653 0_ a Ключевые слова Газодинамические проявления; Геомеханика; Геомеханические процессы; Горное дело; Горные породы; Деформирование горных пород; Динамические проявления; Классификация горных пород; Методы исследования горных пород; Механика горных пород; Труды преподавателей МГТУ
700 12 a Другие авторы Каспарьян Э. В.
700 12 a Другие авторы Козырев А. А.
700 12 a Другие авторы Иофис М. А.
700 12 a Другие авторы Макаров А. Б.
700 12 a Другие авторы Куликова Е. Ю.
710 22 a Организация/ юрисдикция Мурманский государственный технический университет
901 t Тип документа m
952 b Гриф литературы для ВШ Допущено Учеб.-метод. об-нием вузов РФ по образованию в области горного дела
c Вид литературы учебник